Central Library OPAC University of Rajshahi

The religion reformers in Islam. (Record no. 32206)

MARC details
000 -LEADER
fixed length control field 00745nam a2200265 a 4500
001 - CONTROL NUMBER
control field 32206
003 - CONTROL NUMBER IDENTIFIER
rucl marc code BD-RjUL
005 - DATE AND TIME OF LATEST TRANSACTION
control field 20211209051813.0
008 - FIXED-LENGTH DATA ELEMENTS--GENERAL INFORMATION
fixed length control field 140424s1974 tu 000 0 eng d
035 ## - SYSTEM CONTROL NUMBER
System control number (BD-RjUL)32295
System control number (BD-RjUL)
040 ## - CATALOGING SOURCE
Original cataloging agency ANL
Language of cataloging eng
Transcribing agency ANL
Modifying agency NUN:W
-- BD-RjUL
041 ## - LANGUAGE CODE
Language code of text/sound track or separate title eng
082 04 - DEWEY DECIMAL CLASSIFICATION NUMBER
Classification number 297.0904
Author mark and year ISR 1974
100 1# - MAIN ENTRY--PERSONAL NAME
Personal name Isik, Huseyin Hilmi.
9 (RLIN) 98017
245 14 - TITLE STATEMENT
Title The religion reformers in Islam.
Statement of responsibility, etc. by Huseyin Hilmi Isik.
250 ## - EDITION STATEMENT
Edition statement 2d ed.
260 ## - PUBLICATION, DISTRIBUTION, ETC. (IMPRINT)
Place of publication, distribution, etc. Fatih - Istanbul :
Name of publisher, distributor, etc. Isik Kitabevi,
Date of publication, distribution, etc. 1974.
300 ## - PHYSICAL DESCRIPTION
Pagination 248 p. ;
Size 24 cm.
500 ## - GENERAL NOTE
General note Translation of Dinde reformcular.
General note First English ed.
650 #0 - SUBJECT ADDED ENTRY--TOPICAL TERM
Topical term or geographic name as entry element Islam
Chronological subdivision 20th century.
9 (RLIN) 98018
942 ## - ADDED ENTRY ELEMENTS (KOHA)
Source of classification or shelving scheme Dewey Decimal Classification
Koha item type Books
Holdings
Lost status Source of classification or shelving scheme Damaged status Not for loan Collection code Permanent Location Current Location Shelving location Date acquired Source of acquisition Cost, normal purchase price Total Checkouts Full call number Date last seen Copy number Koha item type
  Dewey Decimal Classification   Not For Loan Non-fiction Central Library, University of Rajshahi Central Library, University of Rajshahi Reading Room 30/12/1982 Isik Bookstre Gift. 0.00   297.0904 ISR 1974 24/04/2014 C-1 Books